Επεξεργασμένα υγρά αστικά απόβλητα αστικής και ανατολικής περιαστικής ζώνης της Θεσσαλονίκης : διερεύνηση της δυνατότητας διάθεσης στο Θερμαϊκό Κόλπο η/και επαναχρησιμοποίηση για άρδευση καλλιεργιών : πτυχιακή εργασία

Αποθηκεύτηκε σε:
Λεπτομέρειες βιβλιογραφικής εγγραφής
Κύριος συγγραφέας: Πανώρας, Γεώργιος
Συγγραφή απο Οργανισμό/Αρχή: Πανεπιστήμιο Αιγαίου. Σχολή Περιβάλλοντος. Τμήμα Περιβάλλοντος
Άλλοι συγγραφείς: Παρασκευάς, Παναγιώτης (Εισηγητής διατριβής)
Μορφή: Thesis Βιβλίο
Γλώσσα:Greek
Δημοσίευση: Μυτιλήνη : Πανεπιστήμιο Αιγαίου, Τμήμα Περιβάλλοντος, 2005
Θέματα:
Ετικέτες: Προσθήκη ετικέτας
Δεν υπάρχουν, Καταχωρήστε ετικέτα πρώτοι!

MARC

LEADER 00000cam a2200000 i 4500
001 1/83633
008 050812s2005 gre d
035 |l 10079824 
040 |a GR-MY-UA  |b gre  |e aacr 
041 0 |a gre 
082 0 |a 628.3  |2 (22) 
100 1 |a Πανώρας, Γεώργιος. 
245 1 0 |a Επεξεργασμένα υγρά αστικά απόβλητα αστικής και ανατολικής περιαστικής ζώνης της Θεσσαλονίκης :  |b διερεύνηση της δυνατότητας διάθεσης στο Θερμαϊκό Κόλπο η/και επαναχρησιμοποίηση για άρδευση καλλιεργιών : πτυχιακή εργασία /  |c Γεώργιος Πανώρας ; υπεύθυνος καθηγητής Παναγιώτης Παρασκευας 
260 |a Μυτιλήνη :   |b Πανεπιστήμιο Αιγαίου, Τμήμα Περιβάλλοντος,   |c 2005 
300 |a 188 σ.;  |b πιν., εικ., διαγρ.;  |c 30 εκ. 
502 # # |a Πτυχιακή εργασία – Πανεπιστήμιο Αιγαίου, Λέσβος, 2005. 
504 |a Βιβλιογραφία: 112-117 
650 0 0 |a Sewage irrigation. 
650 0 0 |a Water reuse. 
650 0 0 |a Sewage  |x Purification  |z Greece  |z Thessalonike. 
650 0 0 |a Dissertations, Academic  |z Greece. 
700 1 |a Παρασκευάς, Παναγιώτης.  |4 ths 
710 2 |a Πανεπιστήμιο Αιγαίου.   |b Σχολή Περιβάλλοντος.   |b Τμήμα Περιβάλλοντος. 
852 |a INST  |b LESVOS  |c DIATR  |e 20050812  |h 955  |p 005100031288  |q 005100031288  |t DIE  |y 23 
852 |a INST  |b LESVOS  |c DIATR  |e 20050812  |h 956  |p 005100031287  |q 005100031287  |t DIE  |y 23 
901 |a BIBL1-2005-2 
909 |a Λ  |b 121418 
909 |a Λ  |b 121419 
924 |a ΠΑΝΩΡΑΣ  |b ΓΕΩΡΓΙΟΣ  |y ΛΕΣΒΟΣ  |z 2005-01 
970 |a ΜΑΡΙΝΑΤΟΥ  |b ΜΥΡΣΙΝΗ  |z 2005/08/12